00946nam a22001937a 4500003000200000005001700002008004100019050002300060100003200083245019000115260007100305300002600376500004100402504005600443650008000499650007000579650007400649700002900723020250203173410.0250203b xxu||||| |||| 00| 0 eng d aHQ 519b.An54 2024 aAngelito, Janeia Johanne A. aLangit lupaba short-form komik portraying family dynamics in filipino culture through mythology cross-published on facebook, instagram and x.cJaneia Johanne A. Angelito and one other. aLas Pinas CitybSouthville International School and Collegesc2024 ax, 174 pages ;c28cm. aBachelor of Arts in Multimedia Arts. aIncludes bibliographical references and appendices. aPhilippine mythology – Family representation – Comics and storytelling. aComics and graphic novels – Digital publishing – Philippines. aCultural narratives – Storytelling in comics – Filipino folklore. aDacayan, Kaila Maria S.